00402nam a2200145Ia 4500008004100000020001500041041001200056082001600068100001700084245007300101260004100174300000800215650001600223700001700239221030s9999 xx 000 0 und d a8178084627 aEnglish a105.23bCou aG. Coulouris 0aDistributed Systems Concepts & Designcby G. Coulouris, J. Dollimare bPearson EducationaNew Delhic2003 a772 aBE Computer aJ. Dollimare